Statistics for Teen Wolf

Click here to take the quiz!

General Stats

  • This quiz has been taken 1,246 times
  • The average score is 9 of 20

Answer Stats

Hint Answer % Correct
What game does Scott want to be first line in?La Crosse
85%
What is Lydia?Banshee
76%
Who was the Nogitsune?Stiles
74%
Who is Peter's daughter?Malia
74%
What does Jackson become?A Kanima
68%
What number jersey does Stiles wear?24
67%
What are the three types of werewolves?Alpha, Beta, Omega
60%
In Season One what did Allison forget on her first day of school?A Pen
59%
Who was Jackson's first master?Matt
57%
Who says Stiles would have made a good Batman?Erica
52%
What is the name of the mental hospital?Eichen House
48%
What film did Jackson need help looking for?The Notebook
47%
Who was Deaton the emissary for?The Hale Family
24%
What is Kira?Thunder Kitsune
23%
What does Darach mean in galic?Dark Oak
19%
Where did Derek take Cora?South America
18%
Who started the pink eye epidemic?Greenberg
13%
What Motel does the cross country team stay in?Glen Capri
7%
Who are Derek's three betas? (in order of being bitten)Issac, Erica and Boyd
4%
Name all members of the Alpha pack.Deucalion, Kali, Ennis, Ethan and Aiden
2%

Score Distribution

Percentile by Number Answered

Percent of People with Each Score

Your Score History

You have not taken this quiz